[Event "ENG-ch Senior Over 50"]
[Site "Kenilworth"]
[Date "2025.04.27"]
[Round "6.6"]
[White "Matthews, Adrian MS"]
[Black "Alldritt, Nigel RE"]
[Result "1/2-1/2"]
[WhiteElo "1830"]
[BlackElo "1952"]
[PlyCount "61"]
[EventDate "2025.04.24"]
[EventType "swiss"]
[EventRounds "7"]
[EventCountry "ENG"]
[SourceTitle "BritBase"]
[Source "John Saunders"]
[SourceDate "1997.08.31"]
[SourceVersion "1"]
[SourceVersionDate "1997.08.31"]
[SourceQuality "1"]

1. e4 e6 2. d4 d5 3. e5 c5 4. c3 Qb6 5. Nf3 Nc6 6. Bd3 cxd4 7. cxd4 Bd7 8. O-O Nxd4 9. Nxd4 Qxd4 10. Qe2 Ne7 11. Nc3 a6 12. Be3 Qxe5 13. f4 Qd6 14. Rad1 f5 15. Rfe1 Kf7 16. Qf2 Rc8 17. h3 g6 18. g4 Bg7 19. gxf5 Nxf5 20. Bxf5 gxf5 21. Qf3 Rcg8 22. Qh5+ Kf8 23. Kf1 Be8 24. Qf3 Qc7 25. Rc1 d4 26. Ne2 Bc6 27. Nxd4 Bxd4 28. Bxd4 Qe7 29. Qxc6 bxc6 30. Bc5 Rg6 31. Bxe7+ 1/2-1/2

[Event "ENG-ch Senior Over 50"]
[Site "Kenilworth"]
[Date "2025.04.27"]
[Round "6.7"]
[White "Bolt, Graham"]
[Black "Anderson, Richard"]
[Result "0-1"]
[WhiteElo "1949"]
[BlackElo "1928"]
[PlyCount "72"]
[EventDate "2025.04.24"]
[EventType "swiss"]
[EventRounds "7"]
[EventCountry "ENG"]
[SourceTitle "BritBase"]
[Source "John Saunders"]
[SourceDate "1997.08.31"]
[SourceVersion "1"]
[SourceVersionDate "1997.08.31"]
[SourceQuality "1"]

1. Nf3 c5 2. g3 g6 3. Bg2 Nc6 4. O-O Bg7 5. c4 e5 6. Nc3 Nge7 7. e4 O-O 8. d3 d6 9. Nd5 h6 10. Be3 Be6 11. Qd2 Kh7 12. Rab1 Nd4 13. b4 Bg4 14. Bxd4 cxd4 15. h3 Be6 16. Ne1 Qd7 17. Kh2 f5 18. f4 fxe4 19. dxe4 Rac8 20. Rc1 b5 21. Nxe7 Qxe7 22. cxb5 Rxc1 23. Qxc1 Bxa2 24. Qc2 Be6 25. f5 Rc8 26. Qd2 gxf5 27. exf5 Bc4 28. Qc2 Bf6 29. Rf2 Qd7 30. Qb1 Qxb5 31. Bf3 d5 32. Bh5 e4 33. Rf4 Be2 34. Bg6+ Kg7 35. Qa2 Rc7 36. Nc2 Qc4 0-1

[Event "ENG-ch Senior Over 50"]
[Site "Kenilworth"]
[Date "2025.04.27"]
[Round "6.8"]
[White "Gardiner, Eric D"]
[Black "Byron, Alan M"]
[Result "1/2-1/2"]
[WhiteElo "1879"]
[BlackElo "2049"]
[PlyCount "62"]
[EventDate "2025.04.24"]
[EventType "swiss"]
[EventRounds "7"]
[EventCountry "ENG"]
[SourceTitle "BritBase"]
[Source "John Saunders"]
[SourceDate "1997.08.31"]
[SourceVersion "1"]
[SourceVersionDate "1997.08.31"]
[SourceQuality "1"]

1. e4 c6 2. d4 d5 3. exd5 cxd5 4. Bd3 Nc6 5. c3 Qc7 6. h3 Nf6 7. Nf3 g6 8. O-O Bf5 9. Re1 Bg7 10. Bxf5 gxf5 11. Nh4 Ne4 12. Nxf5 Bf6 13. Nd2 Nxd2 14. Bxd2 Qd7 15. Qf3 h5 16. Nh6 Kf8 17. Qxh5 Rh7 18. Qf3 a5 19. Ng4 Bg7 20. Bf4 Ra6 21. Be5 f6 22. Re2 Kg8 23. Bg3 Ra8 24. Rae1 Rf8 25. Qd3 Rd8 26. Qg6 Kh8 27. Ne3 Rg8 28. Qf7 Rd8 29. Qg6 Rg8 30. Qf7 Rd8 31. Qg6 Rg8 1/2-1/2

[Event "ENG-ch Senior Over 50"]
[Site "Kenilworth"]
[Date "2025.04.27"]
[Round "6.9"]
[White "Homer, Neil S"]
[Black "Richards, Simon"]
[Result "0-1"]
[WhiteElo "1691"]
[BlackElo "1692"]
[PlyCount "104"]
[EventDate "2025.04.24"]
[EventType "swiss"]
[EventRounds "7"]
[EventCountry "ENG"]
[SourceTitle "BritBase"]
[Source "John Saunders"]
[SourceDate "1997.08.31"]
[SourceVersion "1"]
[SourceVersionDate "1997.08.31"]
[SourceQuality "1"]

1. e4 e6 2. d4 b6 3. Bd3 Bb7 4. Nf3 d5 5. e5 c5 6. c3 Ne7 7. O-O Nec6 8. Be2 Ba6 9. Re1 Bxe2 10. Qxe2 Be7 11. Nbd2 Nd7 12. Nf1 Rc8 13. Bd2 c4 14. h3 b5 15. Reb1 a5 16. Qe1 Qb6 17. b3 cxb3 18. Rxb3 a4 19. Rbb1 Na5 20. Ne3 Qc6 21. Qe2 Rb8 22. Ne1 O-O 23. N1c2 Nc4 24. Nxc4 bxc4 25. Qd1 f6 26. f4 fxe5 27. fxe5 Rf5 28. Rxb8+ Nxb8 29. Rb1 Na6 30. Rb2 a3 31. Rb1 Qa8 32. Qe2 Qf8 33. Rb6 Bh4 34. Be3 Nc7 35. Ne1 Qe8 36. Nf3 Be7 37. Qc2 Rf8 38. Qb1 Qa4 39. Bg5 Rxf3 40. gxf3 Bxg5 41. Rb8+ Ne8 42. Rb4 Qd7 43. Qd1 Qf7 44. Qe2 Qf5 45. Kg2 Bh4 46. Qf1 Qc2+ 47. Kh1 Qxa2 48. Rb7 Qc2 49. Qg2 Qxc3 50. Qg4 Qe1+ 51. Kh2 Qf2+ 52. Qg2 c3 0-1

[Event "ENG-ch Senior Over 50"]
[Site "Kenilworth"]
[Date "2025.04.27"]
[Round "6.10"]
[White "Hebden, Mark L"]
[Black "Crocker, Philip J"]
[Result "1-0"]
[WhiteElo "2383"]
[BlackElo "2137"]
[PlyCount "139"]
[EventDate "2025.04.24"]
[EventType "swiss"]
[EventRounds "7"]
[EventCountry "ENG"]
[SourceTitle "BritBase"]
[Source "John Saunders"]
[SourceDate "1997.08.31"]
[SourceVersion "1"]
[SourceVersionDate "1997.08.31"]
[SourceQuality "1"]

1. d4 Nf6 2. Bg5 g6 3. Bxf6 exf6 4. e3 d5 5. Nd2 Nd7 6. c4 dxc4 7. Bxc4 Bd6 8. Ne2 c6 9. h4 h5 10. Ne4 Nb6 11. Bb3 Kf8 12. Nxd6 Qxd6 13. Nc3 Be6 14. Rc1 Kg7 15. Ne4 Qb4+ 16. Qd2 Qxd2+ 17. Nxd2 Rhe8 18. Bxe6 fxe6 19. Ne4 Rad8 20. Nc5 Re7 21. Ke2 Rd5 22. Rhd1 Kf7 23. e4 Rd8 24. f3 Rc7 25. g4 hxg4 26. fxg4 Rh8 27. Rh1 Nd7 28. Nd3 Rcc8 29. b4 e5 30. dxe5 Nxe5 31. Nxe5+ fxe5 32. h5 gxh5 33. gxh5 Rcg8 34. Rcf1+ Ke6 35. h6 Rh7 36. Rh2 Rg6 37. Rfh1 Rg5 38. Rh5 Kf6 39. Rf1+ Kg6 40. Rxg5+ Kxg5 41. Rf5+ Kxh6 42. Rxe5 Kg6 43. a4 Kf6 44. Rf5+ Ke6 45. b5 cxb5 46. axb5 Rc7 47. Kd3 Rc1 48. Rh5 Rb1 49. Rh6+ Kd7 50. Kc4 a5 51. Kc5 a4 52. Rh7+ Kc8 53. Rh8+ Kd7 54. Ra8 Rc1+ 55. Kb6 Rc4 56. Kxb7 Rxe4 57. b6 Rb4 58. Ra6 Kd8 59. Kc6 Rc4+ 60. Kb7 Rb4 61. Ra5 Kd7 62. Rd5+ Ke6 63. Rd1 a3 64. Kc6 Rc4+ 65. Kb5 Rc2 66. b7 Rb2+ 67. Kc6 Rc2+ 68. Kb6 Rb2+ 69. Ka7 a2 70. b8=Q 1-0

[Event "ENG-ch Senior Over 50"]
[Site "Kenilworth"]
[Date "2025.04.28"]
[Round "7.1"]
[White "Dishman, Stephen"]
[Black "Davies, Nigel R"]
[Result "0-1"]
[WhiteElo "2279"]
[BlackElo "2309"]
[PlyCount "138"]
[EventDate "2025.04.24"]
[EventType "swiss"]
[EventRounds "7"]
[EventCountry "ENG"]
[SourceTitle "BritBase"]
[Source "John Saunders"]
[SourceDate "1997.08.31"]
[SourceVersion "1"]
[SourceVersionDate "1997.08.31"]
[SourceQuality "1"]

1. Nf3 d6 2. d4 Nf6 3. Nc3 Bf5 4. Nh4 Bd7 5. e4 e5 6. Nf3 Nc6 7. h3 exd4 8. Nxd4 g6 9. Bg5 Bg7 10. Nxc6 bxc6 11. Bd3 h6 12. Bh4 Qb8 13. Rb1 Nh5 14. O-O Nf4 15. Bg3 Nxd3 16. Qxd3 Qb6 17. Kh1 Qd4 18. Qe2 Be6 19. Rfd1 Qc4 20. Qxc4 Bxc4 21. b3 Be6 22. Ne2 O-O-O 23. c4 Rhe8 24. Nf4 Bd7 25. Re1 g5 26. Nh5 Bc3 27. Re3 Bd4 28. Ree1 f5 29. f3 c5 30. Bh2 fxe4 31. fxe4 Bc6 32. Ng3 Re6 33. Bg1 Bc3 34. Re2 Rde8 35. Rc1 Be5 36. Bf2 Bxg3 37. Bxg3 Rxe4 38. Rxe4 Rxe4 39. Re1 Rd4 40. Re2 a5 41. Kg1 a4 42. Kf2 Kd7 43. Bh2 Rd1 44. Bg3 axb3 45. axb3 Rb1 46. Re3 Rb2+ 47. Ke1 Bxg2 48. h4 Kc6 49. Kd1 Bf1 50. Kc1 Re2 51. Rxe2 Bxe2 52. hxg5 hxg5 53. Kd2 Bf3 54. Kc3 Kd7 55. b4 cxb4+ 56. Kxb4 c6 57. c5 d5 58. Kc3 Ke6 59. Kd4 Kf5 60. Ke3 Be4 61. Bd6 Kg4 62. Be5 Kh3 63. Kf2 g4 64. Bf4 d4 65. Be5 d3 66. Bf4 g3+ 67. Ke3 Kg4 68. Bc7 Kh3 69. Bf4 Bd5 0-1

[Event "ENG-ch Senior Over 50"]
[Site "Kenilworth"]
[Date "2025.04.28"]
[Round "7.2"]
[White "Crocker, Philip J"]
[Black "Burrows, Martin P"]
[Result "1/2-1/2"]
[WhiteElo "2137"]
[BlackElo "2026"]
[PlyCount "50"]
[EventDate "2025.04.24"]
[EventType "swiss"]
[EventRounds "7"]
[EventCountry "ENG"]
[SourceTitle "BritBase"]
[Source "John Saunders"]
[SourceDate "1997.08.31"]
[SourceVersion "1"]
[SourceVersionDate "1997.08.31"]
[SourceQuality "1"]

1. c4 Nf6 2. Nf3 e6 3. g3 d5 4. Bg2 d4 5. e3 Nc6 6. O-O e5 7. exd4 exd4 8. d3 Be7 9. a3 a5 10. Re1 O-O 11. Bf4 h6 12. Ne5 Nxe5 13. Bxe5 c5 14. Bxf6 Bxf6 15. Nd2 Be7 16. Qh5 Be6 17. Re2 Qd7 18. h3 Kh7 19. Rae1 g6 20. Qf3 Rab8 21. Kh2 Kg7 22. Qf4 Bd6 23. Qh4 Be7 24. Qf4 Bd6 25. Qh4 Be7 1/2-1/2

[Event "ENG-ch Senior Over 50"]
[Site "Kenilworth"]
[Date "2025.04.28"]
[Round "7.3"]
[White "James, Russell A"]
[Black "Hill, Andy"]
[Result "1-0"]
[WhiteElo "2086"]
[BlackElo "1996"]
[PlyCount "85"]
[EventDate "2025.04.24"]
[EventType "swiss"]
[EventRounds "7"]
[EventCountry "ENG"]
[SourceTitle "BritBase"]
[Source "John Saunders"]
[SourceDate "1997.08.31"]
[SourceVersion "1"]
[SourceVersionDate "1997.08.31"]
[SourceQuality "1"]

1. Nf3 Nf6 2. c4 g6 3. g3 Bg7 4. Bg2 O-O 5. O-O d6 6. Nc3 Nc6 7. d3 e5 8. Rb1 a5 9. h3 h6 10. a3 Be6 11. Be3 Qd7 12. Kh2 Ne8 13. d4 Bxc4 14. dxe5 Rd8 15. b3 Be6 16. Ne4 Bf5 17. Nh4 Nxe5 18. Nxf5 Qxf5 19. f4 Nc6 20. g4 Qd7 21. f5 Be5+ 22. Kh1 g5 23. Qd5 Nf6 24. Qxe5 Nxe4 25. Qxe4 Rfe8 26. Qf3 Qe7 27. Bg1 Qxe2 28. Qxe2 Rxe2 29. Rf2 Re3 30. Rc2 Rd3 31. Bf1 Rd5 32. Re1 Rd7 33. Bg2 Rd3 34. Re3 Rxe3 35. Bxe3 Nd8 36. Bd4 c5 37. Bf6 Nc6 38. Bd5 Na7 39. a4 Nc8 40. Kg2 Kf8 41. Kf3 Na7 42. h4 gxh4 43. Rh2 1-0

[Event "ENG-ch Senior Over 50"]
[Site "Kenilworth"]
[Date "2025.04.28"]
[Round "7.4"]
[White "Ciuravin, Andrei"]
[Black "Brett, Andrew R"]
[Result "1-0"]
[WhiteElo "2060"]
[BlackElo "2060"]
[PlyCount "61"]
[EventDate "2025.04.24"]
[EventType "swiss"]
[EventRounds "7"]
[EventCountry "ENG"]
[SourceTitle "BritBase"]
[Source "John Saunders"]
[SourceDate "1997.08.31"]
[SourceVersion "1"]
[SourceVersionDate "1997.08.31"]
[SourceQuality "1"]

1. d4 Nf6 2. Bg5 d5 3. Bxf6 gxf6 4. e3 c5 5. Nc3 e6 6. Nf3 Nc6 7. g3 cxd4 8. exd4 f5 9. Bg2 Bb4 10. O-O O-O 11. Ne2 Bd6 12. Re1 Bd7 13. Qd2 Rc8 14. Nc1 Qb6 15. c3 Na5 16. Qg5+ Kh8 17. Qf6+ Kg8 18. Ng5 Be7 19. Qxe7 h6 20. Qxd7 hxg5 21. Qe7 g4 22. Qg5+ Kh7 23. Nd3 f6 24. Qe3 Rfe8 25. Qe2 e5 26. dxe5 fxe5 27. Bxd5 Qd6 28. Bb3 Nxb3 29. axb3 f4 30. Qe4+ Kh8 31. Nxe5 1-0

[Event "ENG-ch Senior Over 50"]
[Site "Kenilworth"]
[Date "2025.04.28"]
[Round "7.5"]
[White "White, Russell P"]
[Black "Lazarus, Simon E"]
[Result "1-0"]
[WhiteElo "1874"]
[BlackElo "1874"]
[PlyCount "91"]
[EventDate "2025.04.24"]
[EventType "swiss"]
[EventRounds "7"]
[EventCountry "ENG"]
[SourceTitle "BritBase"]
[Source "John Saunders"]
[SourceDate "1997.08.31"]
[SourceVersion "1"]
[SourceVersionDate "1997.08.31"]
[SourceQuality "1"]

1. e4 d5 2. exd5 Nf6 3. d4 Bg4 4. Nf3 Qxd5 5. Be2 Nc6 6. c3 O-O-O 7. Qb3 e6 8. Be3 Qxb3 9. axb3 Nd5 10. Ng5 Bxe2 11. Kxe2 Rd7 12. Nd2 h6 13. Ngf3 a6 14. Rhe1 Bd6 15. Nc4 Nxe3 16. fxe3 Re8 17. e4 f5 18. Kf2 f4 19. b4 Nb8 20. Ra5 Nc6 21. Rh5 b5 22. Ncd2 e5 23. d5 Nd8 24. Nb3 c6 25. Rd1 cxd5 26. Rxd5 Nc6 27. Nc5 Bxc5+ 28. Rxc5 Kb7 29. Nxe5 Nxe5 30. Rhxe5 Rxe5 31. Rxe5 g5 32. Rd5 Rg7 33. Kf3 h5 34. h3 g4+ 35. hxg4 Rxg4 36. Rd2 Kc7 37. e5 Rh4 38. e6 Rh1 39. Kxf4 Re1 40. Kf5 Rf1+ 41. Kg6 Re1 42. Kf7 Rf1+ 43. Ke8 Re1 44. e7 Rf1 45. Rd5 Rf2 46. Rc5+ 1-0

[Event "ENG-ch Senior Over 50"]
[Site "Kenilworth"]
[Date "2025.04.28"]
[Round "7.6"]
[White "Walton, Alan J"]
[Black "Matthews, Adrian MS"]
[Result "1-0"]
[WhiteElo "2020"]
[BlackElo "1830"]
[PlyCount "73"]
[EventDate "2025.04.24"]
[EventType "swiss"]
[EventRounds "7"]
[EventCountry "ENG"]
[SourceTitle "BritBase"]
[Source "John Saunders"]
[SourceDate "1997.08.31"]
[SourceVersion "1"]
[SourceVersionDate "1997.08.31"]
[SourceQuality "1"]

1. d4 Nf6 2. Bg5 d5 3. Bxf6 exf6 4. e3 c6 5. c4 Bb4+ 6. Nc3 Qa5 7. Qd2 Bxc3 8. bxc3 dxc4 9. Bxc4 Be6 10. Bd3 Nd7 11. Ne2 Nb6 12. O-O Bc4 13. Rfb1 Bxd3 14. Qxd3 O-O 15. Rb3 Rab8 16. c4 Qa6 17. Rc1 Nd7 18. Ra3 Qb6 19. Rb1 Qc7 20. Rxa7 Qd6 21. Qf5 g6 22. Qf4 Qe6 23. c5 Ra8 24. Raxb7 Rxa2 25. Ng3 Rfa8 26. Qe4 Nf8 27. Qxe6 Nxe6 28. Ne4 Kg7 29. g3 Rc2 30. R7b2 Ra2 31. Rxa2 Rxa2 32. Nd6 Ng5 33. Kg2 h5 34. h4 Ne6 35. Rb7 Nd8 36. Rb8 Ne6 37. Ne8+ 1-0

[Event "ENG-ch Senior Over 50"]
[Site "Kenilworth"]
[Date "2025.04.28"]
[Round "7.7"]
[White "Homer, Stephen J"]
[Black "Faulkner, Martin J"]
[Result "1/2-1/2"]
[WhiteElo "2011"]
[BlackElo "1796"]
[PlyCount "123"]
[EventDate "2025.04.24"]
[EventType "swiss"]
[EventRounds "7"]
[EventCountry "ENG"]
[SourceTitle "BritBase"]
[Source "John Saunders"]
[SourceDate "1997.08.31"]
[SourceVersion "1"]
[SourceVersionDate "1997.08.31"]
[SourceQuality "1"]

1. e4 e5 2. Bc4 Nf6 3. d3 Nc6 4. Nf3 Bc5 5. c3 a6 6. O-O d6 7. a4 Ba7 8. h3 h6 9. Be3 O-O 10. Nbd2 Qe7 11. Re1 Bxe3 12. Rxe3 Be6 13. a5 Qd7 14. Bxe6 fxe6 15. Nc4 Qf7 16. Qb3 Rab8 17. Rf1 Nd7 18. Qd1 Qf6 19. d4 Kh8 20. Nh2 exd4 21. Ng4 Qg5 22. cxd4 Nxa5 23. Nxa5 Qxa5 24. e5 d5 25. Nxh6 gxh6 26. Qh5 Kh7 27. Rg3 Rg8 28. Qf7+ Kh8 29. Qxd7 Qb6 30. Qe7 Rbf8 31. Qh4 Kh7 32. Rc1 Rxg3 33. fxg3 Rf7 34. Rf1 Rxf1+ 35. Kxf1 Qb5+ 36. Kg1 Qd7 37. Qf4 Qg7 38. g4 Qg6 39. h4 Kg7 40. Kh2 Qf7 41. Qc1 c6 42. Kg3 Qg6 43. Qf1 a5 44. Kh3 b5 45. g3 h5 46. gxh5 Qf7 47. h6+ Kg8 48. h7+ Qxh7 49. Qf6 Qf5+ 50. Qxf5 exf5 51. h5 a4 52. h6 b4 53. e6 a3 54. h7+ Kxh7 55. bxa3 bxa3 56. e7 a2 57. e8=Q a1=Q 58. Qf7+ Kh6 59. Qf6+ Kh7 60. Qxf5+ Kg7 61. Qe5+ Kg6 62. Qe6+ 1/2-1/2

[Event "ENG-ch Senior Over 50"]
[Site "Kenilworth"]
[Date "2025.04.28"]
[Round "7.8"]
[White "Alldritt, Nigel RE"]
[Black "Staples, Daniel J"]
[Result "1/2-1/2"]
[WhiteElo "1952"]
[BlackElo "1952"]
[PlyCount "98"]
[EventDate "2025.04.24"]
[EventType "swiss"]
[EventRounds "7"]
[EventCountry "ENG"]
[SourceTitle "BritBase"]
[Source "John Saunders"]
[SourceDate "1997.08.31"]
[SourceVersion "1"]
[SourceVersionDate "1997.08.31"]
[SourceQuality "1"]

1. d4 Nf6 2. c4 e6 3. g3 d5 4. Nf3 Be7 5. Bg2 O-O 6. O-O Nbd7 7. Nbd2 b6 8. cxd5 exd5 9. Ne5 Bb7 10. Ndf3 c5 11. Qa4 Nxe5 12. Nxe5 Qe8 13. Qxe8 Rfxe8 14. Be3 Bd6 15. Nf3 Ng4 16. dxc5 bxc5 17. Rad1 Rxe3 18. fxe3 Nxe3 19. Ng5 Be7 20. Nh3 Rb8 21. Nf4 d4 22. Bxb7 Rxb7 23. b3 a5 24. Rc1 Nxf1 25. Kxf1 g5 26. Nd5 Bf8 27. Nf6+ Kh8 28. Rc4 Rb4 29. Rc2 Rb5 30. Ne4 Be7 31. g4 Kg7 32. Kg2 Kg6 33. Ng3 Kf6 34. Kf3 Ke5 35. Nf5 Bf8 36. Rc4 Rb4 37. Rc2 Kd5 38. Rd2 a4 39. Ne3+ Ke5 40. Nc4+ Ke6 41. Rb2 axb3 42. axb3 f5 43. h3 Bg7 44. Rb1 Rb5 45. gxf5+ Kf6 46. Ke4 Rb8 47. e3 Re8+ 48. Kd3 dxe3 49. Nxe3 Bf8 1/2-1/2

[Event "ENG-ch Senior Over 50"]
[Site "Kenilworth"]
[Date "2025.04.28"]
[Round "7.9"]
[White "Anderson, Richard"]
[Black "Regan, Natasha K"]
[Result "0-1"]
[WhiteElo "1928"]
[BlackElo "2056"]
[PlyCount "74"]
[EventDate "2025.04.24"]
[EventType "swiss"]
[EventRounds "7"]
[EventCountry "ENG"]
[SourceTitle "BritBase"]
[Source "John Saunders"]
[SourceDate "1997.08.31"]
[SourceVersion "1"]
[SourceVersionDate "1997.08.31"]
[SourceQuality "1"]

1. e4 e5 2. Nf3 Nc6 3. Nc3 d6 4. d4 Bg4 5. d5 Nd4 6. Be3 Nxf3+ 7. gxf3 Bd7 8. Bc4 a6 9. a4 Ne7 10. Bb3 Ng6 11. Qd2 Nh4 12. O-O-O Nxf3 13. Qd3 Be7 14. Ne2 b5 15. a5 O-O 16. Kb1 f5 17. Bf4 Nh4 18. Bxe5 fxe4 19. Qc3 Bf6 20. Bxf6 Rxf6 21. Nd4 Kh8 22. Ne6 Qc8 23. Rhg1 Ng6 24. h4 Bxe6 25. dxe6 Nxh4 26. Bd5 Rb8 27. Rg4 Ng6 28. Rh1 c6 29. Bxe4 Qxe6 30. Rxg6 Qxe4 31. Rgh6 Rxh6 32. Rxh6 Rd8 33. Rh3 b4 34. Qd2 c5 35. Re3 Qg6 36. Re7 b3 37. Ra7 d5 0-1

[Event "ENG-ch Senior Over 50"]
[Site "Kenilworth"]
[Date "2025.04.28"]
[Round "7.10"]
[White "Wells, Peter K"]
[Black "Hebden, Mark L"]
[Result "1-0"]
[WhiteElo "2350"]
[BlackElo "2383"]
[PlyCount "79"]
[EventDate "2025.04.24"]
[EventType "swiss"]
[EventRounds "7"]
[EventCountry "ENG"]
[SourceTitle "BritBase"]
[Source "John Saunders"]
[SourceDate "1997.08.31"]
[SourceVersion "1"]
[SourceVersionDate "1997.08.31"]
[SourceQuality "1"]

1. d4 Nf6 2. c4 g6 3. Nc3 Bg7 4. e4 d6 5. Nf3 O-O 6. Be2 e5 7. Be3 Ng4 8. Bg5 f6 9. Bh4 Nc6 10. d5 Ne7 11. Nd2 Nh6 12. f3 Nf7 13. Bf2 c5 14. h4 Bh6 15. h5 f5 16. Qc2 a6 17. hxg6 hxg6 18. exf5 gxf5 19. g4 b5 20. Bh4 Bg5 21. gxf5 Nxf5 22. Bxg5 Nxg5 23. O-O-O Ra7 24. Rdg1 Rg7 25. Nde4 b4 26. Nxg5 bxc3 27. Ne6 cxb2+ 28. Kb1 Bxe6 29. dxe6 Qf6 30. Bd3 Qxe6 31. Be4 Rxg1+ 32. Rxg1+ Kh8 33. Qg2 Qf6 34. Bxf5 Qxf5+ 35. Kxb2 Qh7 36. Rh1 Rf4 37. Rxh7+ Kxh7 38. Kc3 a5 39. a4 Kh6 40. Qd2 1-0

[Event "ENG-ch Senior Over 50"]
[Site "Kenilworth"]
[Date "2025.04.28"]
[Round "7.11"]
[White "Richards, Simon"]
[Black "Gelder, Stephanie"]
[Result "1-0"]
[WhiteElo "1692"]
[BlackElo "1488"]
[PlyCount "95"]
[EventDate "2025.04.24"]
[EventType "swiss"]
[EventRounds "7"]
[EventCountry "ENG"]
[SourceTitle "BritBase"]
[Source "John Saunders"]
[SourceDate "1997.08.31"]
[SourceVersion "1"]
[SourceVersionDate "1997.08.31"]
[SourceQuality "1"]

1. Nc3 b6 2. d4 Bb7 3. Bf4 a6 4. e4 e6 5. Bd3 Nf6 6. f3 Be7 7. Qd2 c5 8. dxc5 Bxc5 9. O-O-O Nh5 10. Be3 Bxe3 11. Qxe3 b5 12. e5 g6 13. Ne4 O-O 14. g4 f5 15. gxh5 fxe4 16. Bxe4 Bxe4 17. Qxe4 Qg5+ 18. Rd2 Nc6 19. hxg6 Rf4 20. Nh3 Rxe4 21. Nxg5 Rxe5 22. gxh7+ Kh8 23. Nf7+ Kxh7 24. Rxd7 Re2 25. Ne5+ Kh6 26. Nxc6 Rc8 27. Nd4 Rf2 28. Rd6 Re8 29. Rxe6+ Rxe6 30. Nxe6 Rxf3 31. Nc7 Rf6 32. Re1 Kh5 33. b3 Kh4 34. Re6 Rf7 35. Nxa6 Ra7 36. Kb2 Kh3 37. Rh6+ Kg4 38. Nb4 Kg5 39. Rh8 Kg6 40. Rb8 Ra5 41. Rb6+ Kh5 42. Nc6 Ra8 43. Rxb5+ Kh4 44. a4 Kh3 45. a5 Kxh2 46. Rb6 Kg3 47. a6 Kf4 48. a7 1-0

[Event "ENG-ch Senior Over 50"]
[Site "Kenilworth"]
[Date "2025.04.28"]
[Round "7.12"]
[White "Byron, Alan M"]
[Black "Homer, Neil S"]
[Result "1/2-1/2"]
[WhiteElo "2049"]
[BlackElo "1691"]
[PlyCount "92"]
[EventDate "2025.04.24"]
[EventType "swiss"]
[EventRounds "7"]
[EventCountry "ENG"]
[SourceTitle "BritBase"]
[Source "John Saunders"]
[SourceDate "1997.08.31"]
[SourceVersion "1"]
[SourceVersionDate "1997.08.31"]
[SourceQuality "1"]

1. d4 d5 2. Bf4 c5 3. c3 cxd4 4. cxd4 Nc6 5. Nc3 Bf5 6. e3 e6 7. Nf3 Nf6 8. Qb3 Qb6 9. Qxb6 axb6 10. Bb5 Nd7 11. O-O Be7 12. h3 h6 13. g4 Bh7 14. Rfd1 g5 15. Bg3 f5 16. Ne5 Ndxe5 17. Bxe5 Rg8 18. Bc7 Bd8 19. Bh2 Ke7 20. Rac1 fxg4 21. hxg4 Rc8 22. Bd3 Bxd3 23. Rxd3 Nb4 24. Rdd1 Kd7 25. a3 Na6 26. Kg2 Bf6 27. Rh1 Bg7 28. Bg3 Rh8 29. Rcd1 Rc4 30. Rh5 Nc7 31. Rh2 Ne8 32. f3 Nd6 33. Kf1 Nf7 34. Ke2 Bf8 35. Kd3 Bg7 36. Rdd2 Rhc8 37. Rc2 Nd6 38. b3 R4c6 39. e4 dxe4+ 40. fxe4 Rf8 41. Rhf2 Rcc8 42. e5 Ne8 43. Na4 Rxc2 44. Kxc2 Rxf2+ 45. Bxf2 Kc6 46. Kd3 Nc7 1/2-1/2

[Event "ENG-ch Senior Over 65"]
[Site "Kenilworth"]
[Date "2025.04.24"]
[Round "1.1"]
[White "Erdogan, Hassan"]
[Black "Littlewood, Paul E"]
[Result "0-1"]
[WhiteElo "1806"]
[BlackElo "2323"]
[PlyCount "62"]
[EventDate "2025.04.24"]
[EventType "swiss"]
[EventRounds "7"]
[EventCountry "ENG"]
[SourceTitle "BritBase"]
[Source "John Saunders"]
[SourceDate "1997.08.31"]
[SourceVersion "1"]
[SourceVersionDate "1997.08.31"]
[SourceQuality "1"]

1. Nf3 Nf6 2. c4 e6 3. b3 d5 4. Bb2 c5 5. g3 Nc6 6. Bg2 d4 7. d3 e5 8. Nbd2 Be7 9. O-O O-O 10. a3 a5 11. Qc2 Bf5 12. h3 h6 13. Kh2 Qd7 14. Ng1 g5 15. Rad1 Bg6 16. Bc1 Rad8 17. Nb1 Kh7 18. Nf3 Nh5 19. Ng1 f5 20. Nd2 Nf6 21. f3 Bd6 22. Rfe1 Qe7 23. Nf1 Nh5 24. e4 dxe3 25. Bxe3 Nd4 26. Bxd4 cxd4 27. Qf2 Bxa3 28. g4 fxg4 29. hxg4 Nf4 30. Qg3 Nxd3 31. Re2 Bd6 0-1

[Event "ENG-ch Senior Over 65"]
[Site "Kenilworth"]
[Date "2025.04.24"]
[Round "1.2"]
[White "Townsend, M Paul"]
[Black "Johnson, Richard J"]
[Result "1-0"]
[WhiteElo "2149"]
[BlackElo "1868"]
[PlyCount "51"]
[EventDate "2025.04.24"]
[EventType "swiss"]
[EventRounds "7"]
[EventCountry "ENG"]
[SourceTitle "BritBase"]
[Source "John Saunders"]
[SourceDate "1997.08.31"]
[SourceVersion "1"]
[SourceVersionDate "1997.08.31"]
[SourceQuality "1"]

1. c4 d6 2. Nc3 g6 3. d4 Bg7 4. e4 Nc6 5. Be3 e5 6. d5 Nce7 7. g4 Nf6 8. f3 h5 9. g5 Nh7 10. Bh3 f5 11. gxf6 Bxf6 12. Qd2 Bh4+ 13. Kd1 g5 14. Qg2 Ng6 15. Bxc8 Rxc8 16. Nge2 Qf6 17. Ng3 Bxg3 18. hxg3 h4 19. Ke2 a6 20. gxh4 Nxh4 21. Qg4 Ke7 22. Rh3 Rcg8 23. Rg1 Ng6 24. Rxh7+ Rxh7 25. Bxg5 Nf4+ 26. Qxf4 1-0

[Event "ENG-ch Senior Over 65"]
[Site "Kenilworth"]
[Date "2025.04.24"]
[Round "1.3"]
[White "Pickersgill, Adrian O"]
[Black "Baker, Chris W"]
[Result "0-1"]
[WhiteElo "1940"]
[BlackElo "2151"]
[PlyCount "54"]
[EventDate "2025.04.24"]
[EventType "swiss"]
[EventRounds "7"]
[EventCountry "ENG"]
[SourceTitle "BritBase"]
[Source "John Saunders"]
[SourceDate "1997.08.31"]
[SourceVersion "1"]
[SourceVersionDate "1997.08.31"]
[SourceQuality "1"]

1. e4 e5 2. Nf3 d6 3. Bc4 Be7 4. O-O Nf6 5. d3 O-O 6. Bb3 Nc6 7. c3 h6 8. Re1 Nh7 9. Nbd2 Kh8 10. Qe2 f5 11. exf5 Bxf5 12. h3 Qe8 13. Ne4 Qg6 14. Kh1 Rae8 15. Bc2 Qf7 16. Bd1 d5 17. Ng3 Be6 18. Be3 Bd6 19. b3 Bc8 20. Qc2 Nf6 21. Be2 Nh5 22. Nxh5 Qxh5 23. Nd4 Nxd4 24. Bxd4 Qh4 25. Be3 d4 26. Bd2 Rxf2 27. cxd4 Bxh3 0-1

[Event "ENG-ch Senior Over 65"]
[Site "Kenilworth"]
[Date "2025.04.24"]
[Round "1.4"]
[White "Snape, Ian L"]
[Black "Goodwin, Ed H"]
[Result "1-0"]
[WhiteElo "2098"]
[BlackElo "1876"]
[PlyCount "35"]
[EventDate "2025.04.24"]
[EventType "swiss"]
[EventRounds "7"]
[EventCountry "ENG"]
[SourceTitle "BritBase"]
[Source "John Saunders"]
[SourceDate "1997.08.31"]
[SourceVersion "1"]
[SourceVersionDate "1997.08.31"]
[SourceQuality "1"]

1. d4 g6 2. e4 Bg7 3. Nf3 c5 4. d5 d6 5. Be2 Nf6 6. Nc3 O-O 7. O-O a6 8. a4 Nbd7 9. Nd2 Rb8 10. f4 Ne8 11. Ra3 Nc7 12. Rb3 e6 13. Nc4 Qe7 14. e5 Nxd5 15. Nxd6 Nxc3 16. Rxc3 f6 17. Rd3 fxe5 18. Nxc8 1-0